[Event "SVK-chT4 A21 2223"]
[Site "Slovakia"]
[Date "2022.12.11"]
[Round "5.1"]
[White "Sadlon, Juraj"]
[Black "Planka, Peter"]
[Result "1-0"]
[WhiteElo "1854"]
[BlackElo "1790"]
[PlyCount "79"]
[EventDate "2022.10.09"]
[EventType "team-tourn"]
[EventRounds "11"]
[EventCountry "SVK"]
[SourceTitle "EXT 2024"]
[Source "ChessBase"]
[SourceDate "2023.10.10"]
[SourceVersion "1"]
[SourceVersionDate "2023.10.10"]
[SourceQuality "1"]
[WhiteTeam "Brezova pod Bradlom"]
[BlackTeam "Petrova Ves"]
[WhiteTeamCountry "SVK"]
[BlackTeamCountry "SVK"]

1. e4 e5 2. Nf3 Nc6 3. Bb5 a6 4. Ba4 Nf6 5. 0-0 Be7 6. Re1 d6 7. c3 b5 8. Bc2 Bg4 9. d3 0-0 10. Nbd2 h6 11. h3 Bh5 12. Nf1 Nh7 13. Ng3 Bxf3 14. Qxf3 Bg5 15. Nf5 Bxc1 16. Raxc1 Ne7 17. Ne3 Ng5 18. Qg4 Ng6 19. Nf5 Qf6 20. Re3 Ne7 21. Nxe7+ Qxe7 22. f4 exf4 23. Qxf4 Ne6 24. Qf3 c5 25. Rf1 f6 26. Bb3 Kh8 27. Qf5 Ng5 28. d4 c4 29. Bc2 d5 30. Qxd5 f5 31. Rxf5 Rxf5 32. Qxf5 Rf8 33. Qg4 Qf6 34. Qe2 Qf4 35. e5 b4 36. e6 b3 37. axb3 cxb3 38. Bxb3 Nxh3+ 39. Rxh3 Qc1+ 40. Bd1 1-0

[Event "SVK-chT4 A21 2122"]
[Site "Slovakia"]
[Date "2021.10.31"]
[Round "2.2"]
[White "Sadlon, Juraj"]
[Black "Krakovsky, Peter1"]
[Result "1-0"]
[WhiteElo "1857"]
[BlackElo "1584"]
[PlyCount "71"]
[EventDate "2021.10.17"]
[EventType "team-tourn"]
[EventRounds "11"]
[EventCountry "SVK"]
[SourceTitle "EXT 2023"]
[Source "ChessBase"]
[SourceDate "2022.10.05"]
[SourceVersion "1"]
[SourceVersionDate "2022.10.05"]
[SourceQuality "1"]
[WhiteTeam "Brezova pod Bradlom"]
[BlackTeam "Skalica II"]
[WhiteTeamCountry "SVK"]
[BlackTeamCountry "SVK"]

1. e4 c6 2. d4 d5 3. Nc3 dxe4 4. Nxe4 Bf5 5. Ng3 Bg6 6. Nf3 e6 7. Bd3 Bxd3 8. Qxd3 Nf6 9. Bg5 Be7 10. c3 Nbd7 11. h3 Qc7 12. 0-0 0-0 13. Ne4 h6 14. Nxf6+ Nxf6 15. Bh4 Rfd8 16. Qe2 c5 17. Rfe1 Rac8 18. Rad1 cxd4 19. Nxd4 Kf8 20. Qc2 Kg8 21. Qe2 Kf8 22. Qf3 Qb6 23. Rd2 Kg8 24. Rde2 Rd7 25. Nf5 Qd8 26. Re5 exf5 27. Qxf5 Rcc7 28. Bxf6 gxf6 29. R5e4 Qf8 30. Rg4+ Kh8 31. Re3 Rd1+ 32. Kh2 Bd6+ 33. g3 Be7 34. Qf4 Rc5 35. Rxe7 Rf5 36. Re8 1-0

[Event "SVK-chT4 A21 1920"]
[Site "Slovakia"]
[Date "2019.11.10"]
[Round "3.1"]
[White "Planka, Peter"]
[Black "Sadlon, Juraj"]
[Result "1/2-1/2"]
[WhiteElo "1803"]
[BlackElo "1886"]
[PlyCount "88"]
[EventDate "2019.10.13"]
[EventType "team-tourn"]
[EventRounds "11"]
[EventCountry "SVK"]
[SourceTitle "CBM 193 Extra"]
[Source "ChessBase"]
[SourceDate "2020.01.31"]
[SourceVersion "1"]
[SourceVersionDate "2020.01.31"]
[SourceQuality "1"]
[WhiteTeam "Kopcany"]
[BlackTeam "Brezova pod Bradlom"]
[WhiteTeamCountry "SVK"]
[BlackTeamCountry "SVK"]

1. e4 e5 2. Nf3 Nc6 3. Bb5 a6 4. Ba4 b5 5. Bb3 Nf6 6. 0-0 Be7 7. c3 0-0 8. Re1 d6 9. h3 Na5 10. Bc2 c5 11. d4 cxd4 12. cxd4 Qc7 13. Nbd2 Bb7 14. d5 Rac8 15. Bd3 Nd7 16. Nf1 Rfe8 17. Ne3 g6 18. b3 Qc3 19. Rb1 b4 20. Bb2 Qc5 21. Qd2 Qb6 22. Nc2 Nc5 23. Nxb4 Nxd3 24. Nxd3 Ba8 25. Qh6 Bf8 26. Qh4 Bg7 27. Rbc1 Nb7 28. Qg4 Rxc1 29. Rxc1 Qb5 30. Nfe1 Nc5 31. Nxc5 dxc5 32. Qd1 f5 33. f3 Bh6 34. Rc4 Be3+ 35. Kh1 fxe4 36. fxe4 Bd4 37. Bc1 Rf8 38. Nf3 Bb7 39. Qe2 a5 40. Rc2 Qb6 41. Bh6 Ba6 42. Qe1 Rf7 43. Kh2 Bd3 44. Nxd4 exd4 1/2-1/2

[Event "SVK-chT3A2 1819"]
[Site "Slovakia"]
[Date "2019.03.24"]
[Round "11.4"]
[White "Sadlon, Juraj"]
[Black "Markuliak, Mario"]
[Result "1/2-1/2"]
[WhiteElo "1909"]
[BlackElo "1845"]
[PlyCount "100"]
[EventDate "2018.10.07"]
[EventType "team-tourn"]
[EventRounds "11"]
[EventCountry "SVK"]
[SourceTitle "EXT 2020"]
[Source "ChessBase"]
[SourceDate "2019.10.17"]
[SourceVersion "1"]
[SourceVersionDate "2019.10.17"]
[SourceQuality "1"]
[WhiteTeam "Senica CVC"]
[BlackTeam "Cifer"]
[WhiteTeamCountry "SVK"]
[BlackTeamCountry "SVK"]

1. e4 d6 2. d4 Nd7 3. c4 e5 4. Nf3 Ngf6 5. Nc3 c6 6. Bd3 Be7 7. 0-0 0-0 8. h3 Qc7 9. Be3 Re8 10. Qd2 Bf8 11. Rac1 exd4 12. Bxd4 Ne5 13. Nxe5 dxe5 14. Be3 Be6 15. Rfd1 Rad8 16. Qc2 Nd7 17. Na4 c5 18. Nc3 Nb8 19. Nd5 Qc8 20. f4 Nc6 21. f5 Bxd5 22. cxd5 Nd4 23. Bxd4 cxd4 24. Qa4 Qb8 25. Rc2 Rc8 26. Rdc1 Rxc2 27. Qxc2 Bd6 28. Bb5 Rd8 29. Kh2 Kf8 30. h4 Ke7 31. g4 h6 32. Kg3 a6 33. Ba4 b5 34. Bb3 Rd7 35. Qd2 Rc7 36. Rf1 f6 37. g5 hxg5 38. hxg5 Qh8 39. Bd1 Rc4 40. a3 d3 41. gxf6+ gxf6 42. Qxd3 Qg7+ 43. Bg4 Qg5 44. Qe2 Bc5 45. b3 Rc3+ 46. Rf3 Qf4+ 47. Kh3 Rxf3+ 48. Qxf3 Qxf3+ 49. Bxf3 Bxa3 50. Kh4 Bc5 1/2-1/2

[Event "SVK-chT4 A21 1819"]
[Site "Slovakia"]
[Date "2019.03.17"]
[Round "11.2"]
[White "Sadlon, Juraj"]
[Black "Vepy, Ivan"]
[Result "1-0"]
[WhiteElo "1888"]
[BlackElo "1868"]
[PlyCount "103"]
[EventDate "2018.10.14"]
[EventType "team-tourn"]
[EventRounds "11"]
[EventCountry "SVK"]
[SourceTitle "CBM 189 Extra"]
[Source "ChessBase"]
[SourceDate "2019.05.31"]
[SourceVersion "1"]
[SourceVersionDate "2019.05.31"]
[SourceQuality "1"]
[WhiteTeam "Brezova pod Bradlom"]
[BlackTeam "Skalica III"]
[WhiteTeamCountry "SVK"]
[BlackTeamCountry "SVK"]

1. e4 e5 2. Nf3 Nc6 3. Bb5 a6 4. Ba4 b5 5. Bb3 Be7 6. 0-0 Nf6 7. Re1 0-0 8. c3 d6 9. d3 Na5 10. Bc2 c5 11. Nbd2 Bg4 12. h3 Bh5 13. Nf1 h6 14. Ng3 Bg6 15. Nh4 Nh7 16. Nxg6 fxg6 17. Qg4 Qe8 18. f4 h5 19. Qe6+ Qf7 20. Qxf7+ Rxf7 21. f5 gxf5 22. Nxf5 Kh8 23. Nxe7 Rxe7 24. Rf1 Rf8 25. Rxf8+ Nxf8 26. Bg5 Rf7 27. Rf1 Rxf1+ 28. Kxf1 Nc6 29. Bb3 Nh7 30. Be3 Nf6 31. Bf7 Ne7 32. Bg5 Neg8 33. Bg6 Nh7 34. Bd8 Nhf6 35. Kf2 d5 36. Kf3 dxe4+ 37. dxe4 c4 38. Kg3 a5 39. Kh4 b4 40. Kg5 bxc3 41. bxc3 Nd7 42. Bxa5 Ne7 43. Bxh5 Nc5 44. Bf3 Nc6 45. Bb4 Nxb4 46. cxb4 c3 47. Bd1 Nxe4+ 48. Kf5 Nf2 49. Bc2 e4 50. Kf4 Nd3+ 51. Bxd3 exd3 52. Ke3 1-0

[Event "SVK-chT4 A21 1516"]
[Site "Slovakia"]
[Date "2016.04.03"]
[Round "11.2"]
[White "Zajicek, Ferdinand"]
[Black "Sadlon, Juraj"]
[Result "0-1"]
[WhiteElo "1756"]
[BlackElo "1873"]
[PlyCount "108"]
[EventDate "2015.10.04"]
[EventType "team-tourn"]
[EventRounds "11"]
[EventCountry "SVK"]
[SourceTitle "EXT 2018"]
[Source "ChessBase"]
[SourceDate "2017.10.13"]
[SourceVersion "1"]
[SourceVersionDate "2017.10.13"]
[SourceQuality "1"]
[WhiteTeam "Gbely Nafta II"]
[BlackTeam "Brezova pod Bradlom"]
[WhiteTeamCountry "SVK"]
[BlackTeamCountry "SVK"]

1. e4 e5 2. Nf3 Nc6 3. Nc3 Nf6 4. Bc4 Bb4 5. d3 0-0 6. Bd2 d6 7. a3 Ba5 8. h3 h6 9. 0-0 a6 10. Ne2 b5 11. Ba2 Bb6 12. Be3 Bxe3 13. fxe3 Ne7 14. Ng3 Ng6 15. Nf5 Be6 16. Nh2 Bxa2 17. Rxa2 Kh7 18. Ng4 Ng8 19. Qf3 Qg5 20. b4 N8e7 21. Qg3 h5 22. Nh2 Qxg3 23. Nxg3 Kh6 24. c3 c5 25. Raf2 f6 26. Nf5+ Nxf5 27. exf5 Ne7 28. e4 Rfc8 29. Rc2 cxb4 30. axb4 a5 31. bxa5 Rxa5 32. Rb1 d5 33. Nf3 d4 34. c4 bxc4 35. Rxc4 Rxc4 36. dxc4 Rc5 37. Rb8 Nc8 38. Nd2 Kg5 39. Kf2 g6 40. fxg6 Kxg6 41. Rb5 Rxb5 42. cxb5 Nb6 43. Nf3 Nd7 44. Nh4+ Kg5 45. Nf5 Kf4 46. Nd6 h4 47. Ke2 Kg3 48. Kf1 d3 49. Nf5+ Kf4 50. Nd6 Ke3 51. Ke1 d2+ 52. Kd1 Nb6 53. Nf5+ Kd3 54. Nxh4 Nc4 0-1

[Event "SVK-chT4 A21 1516"]
[Site "Slovakia"]
[Date "2016.01.24"]
[Round "7.1"]
[White "Sadlon, Juraj"]
[Black "Slaby, Jozef"]
[Result "1-0"]
[WhiteElo "1859"]
[BlackElo "1788"]
[PlyCount "87"]
[EventDate "2015.10.04"]
[EventType "team-tourn"]
[EventRounds "11"]
[EventCountry "SVK"]
[SourceTitle "EXT 2017"]
[Source "ChessBase"]
[SourceDate "2016.10.25"]
[SourceVersion "1"]
[SourceVersionDate "2016.10.25"]
[SourceQuality "1"]
[WhiteTeam "Brezova pod Bradlom"]
[BlackTeam "Chtelnica Kamenar"]
[WhiteTeamCountry "SVK"]
[BlackTeamCountry "SVK"]

1. e4 d6 2. d4 Nf6 3. Bd3 g6 4. c4 Bg7 5. Nf3 c6 6. Nc3 a6 7. h3 b5 8. 0-0 0-0 9. Bg5 Qc7 10. Qd2 Re8 11. Rac1 Qa5 12. a3 Bb7 13. Nb1 Qxd2 14. Nbxd2 Nfd7 15. b4 Nf8 16. Nb3 Ra7 17. Be3 d5 18. exd5 bxc4 19. dxc6 Bxc6 20. Bxc4 Bxf3 21. gxf3 e6 22. a4 Rb7 23. b5 axb5 24. Bxb5 Rd8 25. Rc4 Nbd7 26. Nc5 Rbb8 27. Na6 Ra8 28. Nc7 Ra7 29. d5 exd5 30. Nxd5 Raa8 31. Nb6 Nxb6 32. Bxb6 Rd3 33. a5 Rxf3 34. Bc6 Rc8 35. Bxf3 Rxc4 36. a6 Nd7 37. Be3 Ne5 38. Bd5 Ra4 39. a7 g5 40. a8Q+ Rxa8 41. Bxa8 g4 42. Rd1 Bf6 43. Bh6 gxh3 44. Rc1 1-0

[Event "SVK-chT4 A21 1516"]
[Site "Slovakia"]
[Date "2015.10.18"]
[Round "2.2"]
[White "Sobek, Michal"]
[Black "Sadlon, Juraj"]
[Result "1/2-1/2"]
[WhiteElo "1837"]
[BlackElo "1835"]
[PlyCount "91"]
[EventDate "2015.10.04"]
[EventType "team-tourn"]
[EventRounds "11"]
[EventCountry "SVK"]
[SourceTitle "CBM 170 Extra"]
[Source "ChessBase"]
[SourceDate "2016.02.25"]
[SourceVersion "1"]
[SourceVersionDate "2016.02.25"]
[SourceQuality "1"]
[WhiteTeam "Stefanov"]
[BlackTeam "Brezova pod Bradlom"]
[WhiteTeamCountry "SVK"]
[BlackTeamCountry "SVK"]

1. e4 e5 2. Nf3 Nc6 3. Bb5 a6 4. Ba4 b5 5. Bb3 Nf6 6. 0-0 d6 7. Re1 Be7 8. c3 0-0 9. h3 Na5 10. Bc2 c5 11. d4 cxd4 12. cxd4 Qc7 13. Nc3 Bb7 14. d5 Rac8 15. Bb1 Nc4 16. b3 Nb6 17. Ne2 Nbd7 18. Ng3 g6 19. Bh6 Rfe8 20. a3 Qc3 21. Ra2 Qc7 22. h4 Nc5 23. h5 Ng4 24. Bg5 f6 25. hxg6 hxg6 26. Nh4 fxg5 27. Qxg4 gxh4 28. Qxg6+ Kh8 29. Nh5 Bf8 30. Qf6+ Kh7 31. Qxh4 Qe7 32. Nf6+ Kg6 33. Re3 Qxf6 34. Rg3+ Kf7 35. Rf3 Qxf3 36. gxf3 Nxb3 37. Rc2 Nd4 38. Rxc8 Rxc8 39. Qh5+ Kg8 40. Qg5+ Bg7 41. Qe7 Rc1+ 42. Kg2 Rxb1 43. Qxb7 Rb3 44. Qc8+ Kh7 45. Qxa6 Rxf3 46. Qxd6 1/2-1/2

[Event "SVK-chT4A21 1415"]
[Site "Slovakia"]
[Date "2015.02.15"]
[Round "9.3"]
[White "Sadlon, Juraj"]
[Black "Zarecky, Eduard"]
[Result "0-1"]
[WhiteElo "1820"]
[BlackElo "1913"]
[PlyCount "72"]
[EventDate "2014.10.12"]
[EventType "team-tourn"]
[EventRounds "11"]
[EventCountry "SVK"]
[SourceTitle "EXT 2022"]
[Source "ChessBase"]
[SourceDate "2021.10.06"]
[SourceVersion "1"]
[SourceVersionDate "2021.10.06"]
[SourceQuality "1"]
[WhiteTeam "Brezova"]
[BlackTeam "Modranka Komplet Juniors"]
[WhiteTeamCountry "SVK"]
[BlackTeamCountry "SVK"]

1. e4 c5 2. Nf3 Nc6 3. c3 g6 4. Bb5 Bg7 5. 0-0 Nf6 6. d3 0-0 7. Nbd2 a6 8. Ba4 Qc7 9. Re1 Ng4 10. Nf1 d6 11. h3 Nge5 12. Nxe5 Nxe5 13. f4 Nc6 14. Be3 b5 15. Bc2 b4 16. Qd2 bxc3 17. bxc3 Qa5 18. c4 Qxd2 19. Nxd2 Bxa1 20. Rxa1 Nb4 21. Bb1 Nc6 22. Bc2 Rb8 23. Nb3 Nb4 24. Bb1 f6 25. Kf2 e5 26. Na5 Bd7 27. a3 Nc6 28. Nxc6 Bxc6 29. Kf3 Rb2 30. Bc1 Rb3 31. Ke2 Rfb8 32. Bc2 R3b7 33. Kd1 f5 34. Bd2 fxe4 35. dxe4 exf4 36. Bxf4 Rf8 0-1

[Event "SVK-chT4A21 1314"]
[Site "Slovakia"]
[Date "2013.12.08"]
[Round "5.2"]
[White "Ocko, Martin"]
[Black "Sadlon, Juraj"]
[Result "1-0"]
[WhiteElo "1736"]
[BlackElo "1801"]
[PlyCount "77"]
[EventDate "2013.10.06"]
[EventType "team-tourn"]
[EventRounds "11"]
[EventCountry "SVK"]
[SourceTitle "EXT 2022"]
[Source "ChessBase"]
[SourceDate "2021.10.06"]
[SourceVersion "1"]
[SourceVersionDate "2021.10.06"]
[SourceQuality "1"]
[WhiteTeam "Senica CVC II"]
[BlackTeam "Brezova"]
[WhiteTeamCountry "SVK"]
[BlackTeamCountry "SVK"]

1. d4 Nf6 2. c4 e6 3. Nf3 d5 4. e3 Nbd7 5. Nc3 Be7 6. b3 0-0 7. Be2 c5 8. 0-0 cxd4 9. exd4 a6 10. Ne5 Re8 11. f4 Qc7 12. Bb2 b6 13. Rc1 Qd6 14. Kh1 Bb7 15. Bf3 Rad8 16. Na4 Rc8 17. c5 bxc5 18. dxc5 Nxc5 19. Ba3 Nfd7 20. Nxd7 Qxd7 21. Bxc5 Qb5 22. Be2 Qa5 23. b4 Qd8 24. Nb6 Rc6 25. Na4 Bxc5 26. Nxc5 Qb6 27. Nxb7 Qxb7 28. Qa4 Rec8 29. Rxc6 Rxc6 30. b5 axb5 31. Qxb5 Qxb5 32. Bxb5 Rc2 33. a4 Kf8 34. h3 Ke7 35. Ra1 Kd6 36. a5 Kc7 37. a6 Kb8 38. a7+ Ka8 39. Ra6 1-0

[Event "SVK-chT4A21 1314"]
[Site "Slovakia"]
[Date "2013.11.17"]
[Round "4.3"]
[White "Zlamal, Marek"]
[Black "Sadlon, Juraj"]
[Result "0-1"]
[WhiteElo "1638"]
[BlackElo "1801"]
[PlyCount "52"]
[EventDate "2013.10.06"]
[EventType "team-tourn"]
[EventRounds "11"]
[EventCountry "SVK"]
[SourceTitle "EXT 2022"]
[Source "ChessBase"]
[SourceDate "2021.10.06"]
[SourceVersion "1"]
[SourceVersionDate "2021.10.06"]
[SourceQuality "1"]
[WhiteTeam "Skalica III"]
[BlackTeam "Brezova"]
[WhiteTeamCountry "SVK"]
[BlackTeamCountry "SVK"]

1. c4 Nf6 2. Nc3 c5 3. e4 Nc6 4. d3 e6 5. Bg5 Be7 6. Nf3 d5 7. exd5 exd5 8. Be2 d4 9. Bxf6 Bxf6 10. Ne4 Bf5 11. Nfd2 b6 12. 0-0 0-0 13. Re1 Re8 14. Bf3 Rc8 15. Nxf6+ Qxf6 16. Qa4 Ne5 17. Bd5 Re7 18. Ne4 Bxe4 19. Bxe4 Rce8 20. Bd5 Kf8 21. Qc2 Nf3+ 22. gxf3 Rxe1+ 23. Rxe1 Rxe1+ 24. Kg2 Qg5+ 25. Kh3 Rg1 26. f4 Qh5# 0-1

[Event "SVK-chT4A21 1314"]
[Site "Slovakia"]
[Date "2013.10.20"]
[Round "2.2"]
[White "Sadlon, Juraj"]
[Black "Palka, Miroslav"]
[Result "1/2-1/2"]
[WhiteElo "1801"]
[BlackElo "1924"]
[PlyCount "92"]
[EventDate "2013.10.06"]
[EventType "team-tourn"]
[EventRounds "11"]
[EventCountry "SVK"]
[SourceTitle "EXT 2022"]
[Source "ChessBase"]
[SourceDate "2021.10.06"]
[SourceVersion "1"]
[SourceVersionDate "2021.10.06"]
[SourceQuality "1"]
[WhiteTeam "Brezova"]
[BlackTeam "Senica Dragon"]
[WhiteTeamCountry "SVK"]
[BlackTeamCountry "SVK"]

1. e4 c5 2. Nf3 d6 3. c3 Nf6 4. Qc2 g6 5. Bb5+ Bd7 6. Bxd7+ Qxd7 7. d3 Nc6 8. 0-0 Bg7 9. Bf4 0-0 10. Nbd2 d5 11. Ne5 Nxe5 12. Bxe5 Rfd8 13. Rad1 Qe6 14. Bxf6 Bxf6 15. c4 dxc4 16. dxc4 Rd4 17. b3 Rad8 18. Nf3 Rxd1 19. Rxd1 Rxd1+ 20. Qxd1 Qxe4 21. h3 Bd4 22. b4 b6 23. b5 e5 24. Qa4 Qb7 25. Qc2 Qd7 26. Qe4 Qe7 27. Kf1 Qe6 28. Nd2 Kg7 29. f3 Qe7 30. a4 Qg5 31. Qe2 Qf4 32. g4 f5 33. Kg2 h5 34. Nb3 h4 35. Qe1 e4 36. fxe4 fxe4 37. Nxd4 cxd4 38. Qxh4 Qf3+ 39. Kg1 Qd1+ 40. Kg2 Qe2+ 41. Kg1 Qxc4 42. Qe7+ Kg8 43. Qxe4 Kg7 44. Qe7+ Kg8 45. Qe8+ Kg7 46. Qe7+ Kg8 1/2-1/2

[Event "SVK-chT4A21 1213"]
[Site "Slovakia"]
[Date "2012.12.16"]
[Round "5.4"]
[White "Sadlon, Juraj"]
[Black "Bjel, Tomas"]
[Result "0-1"]
[WhiteElo "1804"]
[BlackElo "1674"]
[PlyCount "45"]
[EventDate "2012.10.14"]
[EventType "team-tourn"]
[EventRounds "11"]
[EventCountry "SVK"]
[SourceTitle "EXT 2022"]
[Source "ChessBase"]
[SourceDate "2021.10.06"]
[SourceVersion "1"]
[SourceVersionDate "2021.10.06"]
[SourceQuality "1"]
[WhiteTeam "Brezova CVC"]
[BlackTeam "Vrbove II"]
[WhiteTeamCountry "SVK"]
[BlackTeamCountry "SVK"]

1. e4 e5 2. Nf3 Nc6 3. Bb5 d6 4. 0-0 f5 5. exf5 Bxf5 6. d4 e4 7. d5 a6 8. dxc6 axb5 9. cxb7 Rb8 10. Nd4 Qd7 11. Re1 Nf6 12. Nxf5 Qxf5 13. f3 d5 14. c4 Bc5+ 15. Be3 Bxe3+ 16. Rxe3 Rxb7 17. cxd5 0-0 18. Nc3 Qf4 19. Qd4 Ng4 20. Ree1 Qxh2+ 21. Kf1 Qh1+ 22. Qg1 Rxf3+ 23. gxf3 0-1

[Event "SVK-chT4A21 1213"]
[Site "Slovakia"]
[Date "2012.11.25"]
[Round "4.4"]
[White "Hrubsa, Marian"]
[Black "Sadlon, Juraj"]
[Result "1-0"]
[WhiteElo "1820"]
[BlackElo "1804"]
[PlyCount "53"]
[EventDate "2012.10.14"]
[EventType "team-tourn"]
[EventRounds "11"]
[EventCountry "SVK"]
[SourceTitle "EXT 2022"]
[Source "ChessBase"]
[SourceDate "2021.10.06"]
[SourceVersion "1"]
[SourceVersionDate "2021.10.06"]
[SourceQuality "1"]
[WhiteTeam "Skalica II"]
[BlackTeam "Brezova CVC"]
[WhiteTeamCountry "SVK"]
[BlackTeamCountry "SVK"]

1. e4 e5 2. Nf3 Nc6 3. Bb5 a6 4. Bxc6 dxc6 5. 0-0 Bd6 6. d4 Bg4 7. dxe5 Bxf3 8. Qxf3 Bxe5 9. Rd1 Qe7 10. Na3 Qe6 11. c3 Nf6 12. Bf4 0-0 13. Bxe5 Qxe5 14. Re1 Rad8 15. Nc4 Qe6 16. Qe2 Rfe8 17. f3 b5 18. Ne3 g6 19. Nc2 c5 20. Qf2 Qb6 21. Rad1 Rxd1 22. Rxd1 Re7 23. Qh4 Qe6 24. Ne3 Kg7 25. Qg5 Qe5 26. Nf5+ Kf8 27. Qh6+ 1-0